| 000 | 01246nam a22003617a 4500 | ||
|---|---|---|---|
| 001 | BR8105532 | ||
| 003 | BR-BrBNA | ||
| 005 | 20230928091039.0 | ||
| 007 | ta | ||
| 008 | 230509b bl.||||| |||| 00| 0 por d | ||
| 040 |
_aBR-BrBNA _bpor _cBiblioteca Nacional de Agricultura |
||
| 041 | _a(Por) | ||
| 072 |
_aA50; F00; L00 _b0311 _b1410 _b5213 _b5214 _b1540 _b0120 _b/G514 |
||
| 090 | _ 0311 BR8105532 | ||
| 110 | 1 |
_aUnidade de Execucao de Pesquisa de Ambito Estadual de Aracaju, SE (Brasil) _910344 |
|
| 245 | 1 | _aRelatorio Tecnico Anual da Unidade de Execucao de Pesquisa de Ambito Estadual de Aracaju 1980 [Coco; Cocos nucifera; Feijao; Phaseolus vulgaris; Gado de corte; Gado leiteiro; Mandioca; Manihot esculenta; Milho; Zea mays; Projeto de pesquisa; Instituicao de pesquisa; Brasil] | |
| 260 | 3 |
_aAracaju, SE (Brasil): _c1981. |
|
| 300 | _a54 p. | ||
| 650 | _aPESQUISA | ||
| 650 | _aPRODUCAO VEGETAL | ||
| 650 | _aPRODUCAO ANIMAL | ||
| 650 | _aCOCO | ||
| 650 | _aFEIJAO | ||
| 650 | _aGADO DE CORTE | ||
| 650 | _aGADO LEITEIRO | ||
| 650 | _aMANDIOCA | ||
| 650 | _aMILHO | ||
| 650 | _aPROJETO DE PESQUISA | ||
| 650 | _aINSTITUICAO DE PESQUISA | ||
| 650 | _aSERGIPE | ||
| 909 |
_a202309 _bLucia _c55 _dLucia Elande |
||
| 942 | _cBK | ||
| 999 |
_c31937 _d31937 |
||